Zi xue li jiu shi ni de chao neng li (Record no. 38757)
[ view plain ]
| 000 -LEADER | |
|---|---|
| fixed length control field | 01879nam a2200397 i 4500 |
| 001 - CONTROL NUMBER | |
| control field | P20201218046 |
| 008 - FIXED-LENGTH DATA ELEMENTS--GENERAL INFORMATION | |
| fixed length control field | 220713s2020 ch s 000 0 chi d |
| 020 ## - INTERNATIONAL STANDARD BOOK NUMBER | |
| International Standard Book Number | 9789571384528 |
| 041 1# - LANGUAGE CODE | |
| Language code of text/sound track or separate title | chi |
| Language code of original | eng |
| 050 #4 - LIBRARY OF CONGRESS CALL NUMBER | |
| Classification number | BF378.E94 |
| Item number | F596 2020 |
| 100 1# - MAIN ENTRY--PERSONAL NAME | |
| Personal name | Flynn, Pat. |
| 240 10 - UNIFORM TITLE | |
| Uniform title | How to be better at almost everything : learn anything quickly, stack your skills, dominate. |
| Language of a work | Chinese |
| 245 10 - TITLE STATEMENT | |
| Linkage | 880-01 |
| Title | Zi xue li jiu shi ni de chao neng li |
| Medium | [electronic resource] : |
| Remainder of title | cong ji neng dui die dao neng li bian xian, ni suo you de tou ru du bu hui tu lao wu gong / |
| Statement of responsibility, etc. | Paite.Fulin(Pat Flynn) zhu ; Wu Shuyu yi. |
| 246 30 - VARYING FORM OF TITLE | |
| Linkage | 880-02 |
| Title proper/short title | Cong ji neng dui die dao neng li bian xian, ni suo you de tou ru du bu hui tu lao wu gong |
| 250 ## - EDITION STATEMENT | |
| Linkage | 880-03 |
| Edition statement | Chu ban. |
| 260 ## - PUBLICATION, DISTRIBUTION, ETC. | |
| Linkage | 880-04 |
| Place of publication, distribution, etc. | Taibei Shi : |
| Name of publisher, distributor, etc. | Shi bao wen hua, |
| Date of publication, distribution, etc. | 2020. |
| 300 ## - PHYSICAL DESCRIPTION | |
| Extent | 237 p. |
| 490 1# - SERIES STATEMENT | |
| Series statement | Big ; |
| Volume/sequential designation | 346 |
| 500 ## - GENERAL NOTE | |
| General note | Translation of: How to be better at almost everything : learn anything quickly, stack your skills, dominate. |
| 533 ## - REPRODUCTION NOTE | |
| Type of reproduction | Electronic reproduction. |
| Place of reproduction | New Taipei City : |
| Agency responsible for reproduction | Airiti. |
| Note about reproduction | System requirements: iRead eBook. |
| -- | Available via World Wide Web. |
| 650 #0 - SUBJECT ADDED ENTRY--TOPICAL TERM | |
| Topical term or geographic name entry element | Expertise. |
| 650 #0 - SUBJECT ADDED ENTRY--TOPICAL TERM | |
| Topical term or geographic name entry element | Ability. |
| 650 #0 - SUBJECT ADDED ENTRY--TOPICAL TERM | |
| Topical term or geographic name entry element | Success. |
| 650 #0 - SUBJECT ADDED ENTRY--TOPICAL TERM | |
| Topical term or geographic name entry element | Adult learning. |
| 650 #0 - SUBJECT ADDED ENTRY--TOPICAL TERM | |
| Topical term or geographic name entry element | Savoir-faire. |
| 650 #0 - SUBJECT ADDED ENTRY--TOPICAL TERM | |
| Topical term or geographic name entry element | Aptitude. |
| 700 1# - ADDED ENTRY--PERSONAL NAME | |
| Linkage | 880-05 |
| Personal name | Wu, Shuyu. |
| 830 #0 - SERIES ADDED ENTRY--UNIFORM TITLE | |
| Uniform title | Big ; |
| Volume/sequential designation | 346. |
| 856 40 - ELECTRONIC LOCATION AND ACCESS | |
| Uniform Resource Identifier | <a href="https://www.airitibooks.com/Detail/Detail?PublicationID=P20201218046">https://www.airitibooks.com/Detail/Detail?PublicationID=P20201218046</a> |
| 880 10 - ALTERNATE GRAPHIC REPRESENTATION | |
| Linkage | 245-01/ |
| -- | |
| a | 自學力就是你的超能力 |
| h | [electronic resource] : |
| b | 從技能堆疊到能力變現, 你所有的投入都不會徒勞無功 / |
| c | 派特.福林(Pat Flynn)著 ; 吳書榆譯. |
| 880 30 - ALTERNATE GRAPHIC REPRESENTATION | |
| Linkage | 246-02/ |
| -- | |
| a | 從技能堆疊到能力變現, 你所有的投入都不會徒勞無功 |
| 880 ## - ALTERNATE GRAPHIC REPRESENTATION | |
| Linkage | 250-03/ |
| -- | |
| a | 初版. |
| 880 ## - ALTERNATE GRAPHIC REPRESENTATION | |
| Linkage | 260-04/ |
| -- | |
| a | 臺北市 : |
| b | 時報文化, |
| c | 2020. |
| 880 1# - ALTERNATE GRAPHIC REPRESENTATION | |
| Linkage | 700-05/ |
| -- | |
| a | 吳書榆. |
No items available.